[Event "HCL-B152"]
[Site "www.playchess.de"]
[Date "2001.03.27"]
[Round "21"]
[White "Ciociosan"]
[Black "Steve_Jackson"]
[WhiteElo "1500"]
[BlackElo "1200"]
[PlyCount "77"]
[Result "1-0"]

1.d4 d5 2.c4 e6 3.Nc3 Nd7 4.cxd5 exd5 5.Nxd5 c6 
6.Nc3 g6 7.e4 f6 8.Be3 Bb4 9.Bc4 Bxc3+ 10.bxc3 Nh6 
11.Bxh6 g5 12.Qh5+ Ke7 13.Qf7+ Kd6 14.e5+ fxe5 
15.Ne2 exd4 16.Qg7 Qf6 17.Qxf6+ Nxf6 18.Bg7 Re8 
19.Bxf6 b5 20.Bd3 h6 21.cxd4 Kd5 22.Kd2 Ba6 
23.Rac1 Rac8 24.Rc5+ Ke6 25.Be5 h5 26.Rhc1 Bb7 
27.Be4 Ref8 28.Ke3 a5 29.Bxc6 Bxc6 30.R5xc6+ Rxc6 
31.Rxc6+ Kd7 32.d5 Re8 33.Kd4 b4 34.Rc7+ Kd8 {I 
think you got me.}  35.d6 a4 36.Bf6+ Re7 37.Bxe7+ 
Ke8 38.Bxg5 b3 39.d7+ 1-0

[Event "HCL-E020"]
[Site "www.playchess.de"]
[Date "2001.03.27"]
[Round "18"]
[White "tyhee"]
[Black "peze2"]
[WhiteElo "2060"]
[BlackElo "1836"]
[PlyCount "63"]
[Result "1-0"]

1.e4 {hi and good luck}  e5 {Hello; let's have a 
interesting game.}  2.Nf3 Nf6 3.Nxe5 d6 4.Nf3 {but 
of course, my games are all dull. :)}  Nxe4 {:-)) 
"Russian Defence"}  5.d4 {dull Canadian response 
;)}  d5 6.Bd3 Bd6 7.O-O Bg4 8.c4 O-O 9.cxd5 f5 
10.Nc3 Nd7 11.h3 Bh5 12.Nxe4 fxe4 13.Bxe4 Nf6 
14.Bf5 Kh8 15.Be6 Ne4 16.g4 Bg6 17.Be3 Qf6 18.Kg2 
Rae8 19.Ne5 Bxe5 20.dxe5 Qxe5 21.Qd4 Qxd4 22.Bxd4 
Ng5 23.f4 Nxe6 24.dxe6 Be4+ 25.Kg3 Rxe6 26.Rfe1 
Rfe8 27.Rac1 c6 28.Bxa7 Bd5 29.Rxe6 Rxe6 30.a3 Re2 
31.Bd4 Rd2 32.Bc3 1-0

[Event "HCL-A072"]
[Site "www.playchess.de"]
[Date "2001.03.27"]
[Round "3"]
[White "Dany"]
[Black "satura"]
[WhiteElo "1437"]
[BlackElo "1838"]
[PlyCount "52"]
[Result "0-1"]

1.d4 {Hi...good game!}  f5 {Hello! Good luck in 
tournament!}  2.c4 Nf6 3.Nc3 e6 4.Bg5 Be7 5.Bxf6 
Bxf6 6.e3 O-O 7.Bd3 d5 8.Nf3 c6 9.O-O Qe8 10.Nd2 
Bd8 11.f4 Nd7 12.g4 Nf6 13.g5 Ne4 14.Ncxe4 fxe4 
15.Be2 Bd7 16.h4 Kh8 17.h5 h6 18.gxh6 gxh6 19.Kh2 
Be7 20.Rg1 Rg8 21.c5 Qf7 22.Qf1 Rxg1 23.Qxg1 Rg8 
24.Qf2 e5 25.dxe5 Bg4 26.Bxg4 Rxg4 0-1

[Event "HCL-C167"]
[Site "www.playchess.de"]
[Date "2001.03.27"]
[Round "19"]
[White "dg"]
[Black "Lubika"]
[WhiteElo "1114"]
[BlackElo "1000"]
[PlyCount "114"]
[Result "0-1"]

1.e4 e5 2.Nf3 Nc6 3.Bb5 a6 4.Bxc6 bxc6 5.Qe2 Bb4 
6.Nxe5 Qe7 7.Nd3 Ba5 8.b3 Nf6 9.f3 O-O 10.Bb2 Rb8 
11.O-O Re8 12.e5 d6 13.Re1 Nd7 14.f4 c5 15.Qg4 
dxe5 16.fxe5 Bb7 17.e6 fxe6 18.Rxe6 Qf7 19.Rxe8+ 
Rxe8 20.Na3 Bxd2 21.Rf1 Nf6 22.Bxf6 Be3+ 23.Kh1 
Bc8 24.Qg3 Bd4 25.Qxg7+ Qxg7 26.Bxg7 Kxg7 27.h3 
Bb7 28.Nc4 Re2 29.Nf4 Rxc2 30.Ne6+ Kg6 31.Nf4+ Kf6 
32.Ne2+ Kg7 33.Nf4 Rxa2 34.Kh2 a5 35.Re1 Kf7 
36.Re2 Rxe2 37.Nxe2 Ba6 38.Nxd4 cxd4 39.Nd2 Ke6 
40.g4 c5 41.Kg3 Kd5 42.Kf3 c4 43.bxc4+ Bxc4 44.g5 
a4 45.Nb1 Bd3 46.Na3 Kc5 47.h4 Bf1 48.Kf2 Bh3 
49.Ke2 Bf5 50.Kd2 Kb4 51.Nc2+ Bxc2 52.Kxc2 a3 
53.h5 a2 54.Kb2 d3 55.g6 d2 56.gxh7 d1Q {%}  
57.h8Q {%}  a1Q+ {%}  0-1

[Event "HCL-C173"]
[Site "www.playchess.de"]
[Date "2001.03.27"]
[Round "1"]
[White "hun"]
[Black "heZZZie"]
[WhiteElo "1807"]
[BlackElo "810"]
[PlyCount "60"]
[Result "0-1"]

1.d4 { Hi!}  f5 2.Nf3 e6 3.g3 Nf6 4.Bg2 d5 5.O-O 
Bd6 6.b3 Qe7 7.Nc3 Bd7 8.Bg5 h6 9.Nh4 Qf7 10.Bxf6 
Qxf6 11.e3 g5 12.Qh5+ Kd8 13.Nf3 Be7 14.Ne5 Be8 
15.Qe2 c5 16.Rae1 Nc6 17.Nxc6+ Bxc6 18.Qd2 h5 
19.dxc5 Bxc5 20.Na4 Bxa4 21.Qa5+ Bb6 22.Qxa4 h4 
23.Qb4 hxg3 24.Qd6+ Kc8 25.fxg3 Bc7 26.Qb4 Qh6 
27.h3 g4 28.h4 Bxg3 29.Red1 Qxe3+ 30.Kh1 Rxh4+ 
{good game}  0-1

[Event "ACL-A091"]
[Site "www.playchess.de"]
[Date "2001.03.27"]
[Round "15"]
[White "Iaret"]
[Black "Drawmaster"]
[WhiteElo "1500"]
[BlackElo "1500"]
[PlyCount "49"]
[Result "1-0"]

1.e4 d6 2.d4 Nf6 3.Nc3 g6 4.Nf3 Bg7 5.Be2 O-O 
6.O-O Nbd7 7.e5 Ne8 8.Re1 c6 9.Bf4 Nb6 10.Qd2 d5 
11.a4 Bg4 12.h3 Bf5 13.a5 Nd7 14.Nh4 Be6 15.Bd3 f5 
16.exf6 Nexf6 17.Rxe6 Nh5 18.Bh6 Rf7 19.Nf3 {its 
good to see games back up}  Nf8 20.Ree1 {iaret}  
Rc8 21.Bxg7 Nxg7 22.Ne5 Rf6 23.Ng4 Rd6 24.Nh6+ Kh8 
25.Nf7+ 1-0

[Event "ACL-A091"]
[Site "www.playchess.de"]
[Date "2001.03.27"]
[Round "16"]
[White "Zsozso"]
[Black "peze2"]
[WhiteElo "1548"]
[BlackElo "2012"]
[PlyCount "65"]
[Result "1-0"]

1.e4 {Hello. Good luck!}  e5 {Hi! Good luck!}  
2.Nc3 Nf6 3.f4 d5 4.fxe5 Nxe4 5.d3 Nxc3 6.bxc3 Be7 
7.Nf3 c5 8.Be2 Nc6 9.O-O Be6 10.Qe1 g5 11.g3 d4 
12.Rb1 g4 13.Nd2 dxc3 14.Ne4 Qd4+ 15.Kh1 Bxa2 
16.Rxb7 Bd5 17.Bxg4 Nxe5 18.Rxe7+ Kxe7 19.Bg5+ Kf8 
20.Bf5 Re8 21.Be3 Qb4 22.Qf2 Kg7 23.Bxc5 Qb7 
24.Bxa7 f6 25.Bd4 Qc6 26.Kg1 Rhf8 27.Qe1 Rf7 
28.Bxc3 Qb6+ 29.Qf2 Nf3+ 30.Kg2 Qxf2+ 31.Rxf2 Ng5 
32.Re2 h5 33.h4 1-0

[Event "HCL-E025"]
[Site "www.playchess.de"]
[Date "2001.03.27"]
[Round "8"]
[White "peze2"]
[Black "Goofy"]
[WhiteElo "2103"]
[BlackElo "2159"]
[PlyCount "62"]
[Result "0-1"]

1.e4 {Hallo Erik! Ein schönes Spiel wünsche ich 
uns}  c5 {Hallo Peter. Unsere Partien sind doch 
nie langweilig, oder?!    :))}  2.Nf3 {...mir 
fällt keine ein! :-))}  Nc6 {..mir auch nicht!}  
3.d4 cxd4 4.Nxd4 Nf6 {Wieso habe ich eigentlich 
immer Schwarz gegen Dich??  :-((}  5.Nc3 {3:1 In 
HCL-E010-2 hattest Du weiß. Muß Schicksal sein, 
gleicht sich aber irgendwann aus. ;-))}  d6 6.Bg5 
e5 7.Ndb5 a6 8.Na3 b5 9.Bxf6 gxf6 10.Nd5 f5 11.c3 
fxe4 12.Bxb5 axb5 13.Nxb5 Qg5 14.Nbc7+ Kd8 15.Nxa8 
Qxg2 16.Rf1 Ba6 17.Ne3 Qf3 18.Rg1 {Hallo Erik, es 
hängt noch die Partie HCL-E020-2}  Bd3 19.Nd5 Bh6 
20.Qxf3 exf3 21.Nab6 e4 22.a4 Na5 23.Ne3 Nb3 
24.Ra3 Nc1 25.Nbd5 Be2 26.Nb4 Nd3+ 27.Nxd3 exd3 
28.Nc4 Re8 29.Nd2 d5 30.a5 Kc7 31.Rg3 
Kb7 0-1

[Event "HCL-C174"]
[Site "www.playchess.de"]
[Date "2001.03.27"]
[Round "10"]
[White "jjbranc"]
[Black "Phlo"]
[WhiteElo "1000"]
[BlackElo "1000"]
[PlyCount "139"]
[Result "1-0"]

1.Nf3 d5 {Hi}  2.d4 Nc6 3.e3 Bg4 4.g3 e5 5.dxe5 
Nxe5 6.Bg2 Qf6 7.Nbd2 O-O-O 8.O-O d4 9.exd4 Rxd4 
10.Qe2 Nxf3+ 11.Bxf3 Bxf3 12.Nxf3 Rd7 13.Bg5 Qe6 
14.Rae1 Qxe2 15.Rxe2 f6 16.Bf4 g5 17.Bc1 Bc5 
18.Re8+ Rd8 19.Rxd8+ Kxd8 20.Rd1+ Kc8 21.c3 Nh6 
22.b4 Bd6 23.Nd4 Be5 24.Nb5 Kb8 25.f4 gxf4 26.gxf4 
Rg8+ 27.Kf2 Ng4+ 28.Ke2 Bd6 29.Nxd6 cxd6 30.h3 
Re8+ 31.Kf3 Nh6 32.Rxd6 Ng8 33.f5 b5 34.Bf4 Kb7 
35.Rd7+ Ka8 36.Kg4 Rc8 37.Be3 Rxc3 38.Rd8+ Kb7 
39.Bf4 Ne7 40.Rd7+ Kc6 41.Rxe7 Rc4 42.Rc7+ Kd5 
43.Rxc4 bxc4 44.h4 c3 45.a4 c2 46.a5 Kc4 47.Kh5 
Kxb4 48.Bd2+ Kc4 49.Kh6 Kd3 50.Bc1 Ke4 51.Kxh7 
Kxf5 52.h5 Kg4 53.h6 f5 54.Kg6 f4 55.h7 f3 56.h8Q 
{%}  f2 57.Qh1 Kg3 58.Qf1 Kf3 59.a6 Kg3 60.Kf6 Kf3 
61.Ke6 Kg3 62.Kd6 Kf3 63.Kc6 Kg3 64.Kb7 Kf3 
65.Kxa7 Kg3 66.Kb7 Kf3 67.a7 Kg3 68.a8Q {%}  Kf3 
69.Kc7+ Kg3 70.Qa3+ 1-0

[Event "HCL-A075"]
[Site "www.playchess.de"]
[Date "2001.03.27"]
[Round "15"]
[White "CheckMaster"]
[Black "Gorodish"]
[WhiteElo "1700"]
[BlackElo "1699"]
[PlyCount "108"]
[Result "0-1"]

1.d4 f5 2.Nf3 Nf6 3.Bf4 g6 4.e3 Bg7 5.Bd3 O-O 
6.Nbd2 d6 7.Qe2 Nbd7 8.h4 Nh5 9.Ng5 Ndf6 10.f3 
Nxf4 11.exf4 Nh5 12.Qe3 c5 13.dxc5 Bxb2 14.Rb1 Bg7 
15.cxd6 exd6 16.Kf2 d5 17.g3 Re8 18.Qc5 h6 19.Nh3 
b6 20.Qc6 Be6 21.Rhe1 Rc8 22.Qa4 Qc7 23.Kg2 Bc3 
24.Re2 Bd7 25.Qb3 Rxe2+ 26.Bxe2 Be6 27.Nf1 Bf7 
28.Ba6 d4 29.Qb5 Rd8 30.Nf2 Bxa2 31.Rd1 Nf6 32.Qe5 
Qf7 33.Nd3 Re8 34.Qd6 Re2+ 35.Kg1 Qd5 36.Qxf6 Re6 
37.Qxe6+ {i had a feeling there was a trap in 
there I just needed someone to show it to me}  
Qxe6 {hm, what is the meaning of "trap in there"? 
My english is not so good ...}  38.Ne5 g5 39.hxg5 
hxg5 40.Kg2 Kg7 41.Nd2 Qg8 42.Bd3 {What language 
do you speak}  Kf6 43.Kf2 Qh8 44.Kg2 gxf4 45.gxf4 
Qh4 46.Ndc4 Qxf4 47.Rh1 Bxc4 48.Nxc4 Qg5+ 49.Kf2 
Bb4 50.Ra1 Qh4+ 51.Kg2 Be1 52.Rxa7 Qg3+ 53.Kh1 
Qxf3+ 54.Kh2 Bg3+ 0-1

[Event "ACL-A093"]
[Site "www.playchess.de"]
[Date "2001.03.27"]
[Round "20"]
[White "peze2"]
[Black "Zsozso"]
[WhiteElo "2014"]
[BlackElo "1548"]
[PlyCount "58"]
[Result "0-1"]

1.c4 f5 2.g3 Nf6 3.Bg2 g6 4.d4 Bg7 5.Nc3 O-O 6.Nh3 
d6 7.d5 c6 8.O-O Bd7 9.Nf4 Na6 10.Rb1 Qe8 11.b4 
Rc8 12.dxc6 bxc6 13.Qa4 Nc7 14.Qxa7 Ng4 15.Na4 Ra8 
16.Qxc7 Rc8 17.Qb7 Rb8 18.Qa6 Ra8 19.Qb6 Rb8 20.b5 
Rxb6 21.Nxb6 cxb5 22.Nxd7 Qxd7 23.Bd5+ Kh8 24.Rxb5 
Bf6 25.e4 Qa7 26.exf5 gxf5 27.h3 Ne5 28.Nh5 e6 
29.Bh6 Qf7 0-1

[Event "HCL-C176"]
[Site "www.playchess.de"]
[Date "2001.03.27"]
[Round "32"]
[White "Stef"]
[Black "Edik"]
[WhiteElo "1144"]
[BlackElo "1000"]
[PlyCount "52"]
[Result "0-1"]

1.d4 Nf6 2.Nc3 d5 3.e3 e6 4.Bb5+ Bd7 5.Bxd7+ Nbxd7 
6.Nf3 Bb4 7.a3 Bxc3+ 8.bxc3 Ne4 9.a4 Nxc3 10.Qd3 
Ne4 11.O-O O-O 12.a5 Ndf6 13.Ne5 a6 14.Ra4 Nd7 
15.Nxd7 Qxd7 16.c4 Qxa4 17.h4 Qxc4 18.Rd1 Qxd3 
19.Rxd3 c5 20.f3 c4 21.Rd1 Nc3 22.Bd2 Na4 23.Ra1 
b5 24.f4 c3 25.Be1 Rfc8 26.Rc1 
b4 0-1

[Event "HCL-E024"]
[Site "www.playchess.de"]
[Date "2001.03.27"]
[Round "6"]
[White "peze2"]
[Black "lubos"]
[WhiteElo "2294"]
[BlackElo "1967"]
[PlyCount "48"]
[Result "0-1"]

1.c4 Nf6 2.Nc3 d5 3.cxd5 Nxd5 4.g3 Nxc3 5.bxc3 e5 
6.Bg2 c6 7.Nf3 Bd6 8.d4 exd4 9.Qxd4 O-O 10.O-O Be7 
11.Qxd8 Rxd8 12.Bg5 f6 13.Bf4 Na6 14.Rfd1 Be6 
15.Nd4 Bf7 16.a4 Nc5 17.a5 Bc4 18.e4 g6 19.f3 Kf7 
20.Bh3 Ne6 21.Bxe6+ Bxe6 22.Rab1 Rd7 23.a6 bxa6 
24.Nxc6 Bc5+ 0-1

[Event "HCL-E022"]
[Site "www.playchess.de"]
[Date "2001.03.27"]
[Round "11"]
[White "Goofy"]
[Black "lubos"]
[WhiteElo "2169"]
[BlackElo "1967"]
[PlyCount "58"]
[Result "0-1"]

1.d4 d5 2.Nf3 Bg4 3.Ne5 Bh5 4.c4 f6 5.Qa4+ c6 
6.Nf3 dxc4 7.Qxc4 Bf7 8.Qc2 g5 9.e3 Nd7 10.Nc3 Nb6 
11.Bd3 h5 12.Bd2 e6 13.Ne4 g4 14.Nh4 f5 15.Nc5 
Qxh4 16.Nxb7 Rc8 17.a4 Nd5 18.Bb5 Nb4 19.Bxb4 
Bxb4+ 20.Ke2 Ne7 21.Ba6 Rc7 22.Nc5 O-O 23.Nd3 Nd5 
24.Ne5 c5 25.h3 cxd4 26.Qb3 dxe3 27.fxe3 Qg3 
28.hxg4 Qxg2+ 29.Kd3 Qd2+ 0-1

[Event "HCL-E022"]
[Site "www.playchess.de"]
[Date "2001.03.27"]
[Round "15"]
[White "peze2"]
[Black "lubos"]
[WhiteElo "2294"]
[BlackElo "1967"]
[PlyCount "62"]
[Result "0-1"]

1.e4 b6 2.d4 e6 3.Nf3 Bb7 4.Bd3 Nf6 5.Nbd2 d6 
6.O-O Nbd7 7.a4 Be7 8.Re1 c5 9.a5 O-O 10.a6 Bc6 
11.c4 cxd4 12.Nxd4 Qc7 13.b3 Nc5 14.Bc2 e5 15.Nxc6 
Qxc6 16.b4 Ne6 17.Ba4 Qc7 18.Bb2 Nf4 19.Qf3 g5 
20.Bb5 g4 21.Qb3 h5 22.Nb1 h4 23.Bc1 Ne6 24.Qd1 
Kh8 25.Be3 Rfg8 26.Nc3 Ng5 27.Qc2 Nf3+ 28.Kh1 Nxe1 
29.Rxe1 Rg7 30.Qd2 Rag8 31.Rd1 
g3 0-1

[Event "HCL-E028"]
[Site "www.playchess.de"]
[Date "2001.03.27"]
[Round "10"]
[White "NOHAU"]
[Black "peze2"]
[WhiteElo "2270"]
[BlackElo "2294"]
[PlyCount "97"]
[Result "1-0"]

1.e4 e5 2.Nf3 Nf6 3.d4 Nxe4 4.Bd3 d5 5.Nxe5 Nd7 
6.O-O Nxe5 7.dxe5 Nc5 8.Be2 Be7 9.Be3 O-O 10.c4 
dxc4 11.Bxc4 Be6 12.Bxe6 Nxe6 13.Nc3 c6 14.Qb3 Qc7 
15.f4 Rfd8 16.Rad1 Nc5 17.Qc2 Rxd1 18.Nxd1 Nd7 
19.Nc3 Qa5 20.Qa4 {Noch nicht, hier habe ich noch 
Hoffnung Gruß norbert!}  Qxa4 {...die sollte man 
nie aufgeben!}  21.Nxa4 Kf8 22.Rd1 Ke8 23.Kf2 Rd8 
24.Nc3 Nc5 25.Rxd8+ Kxd8 26.Ke2 b6 27.g4 Kd7 28.f5 
Na6 29.Kd3 Nb4+ 30.Ke4 Nc2 31.Bf2 Bg5 32.Ne2 Nb4 
33.a3 Nd5 34.h4 Bd2 35.b3 g6 36.Nd4 Bc1 37.a4 Nc3+ 
38.Kf3 c5 39.e6+ Ke8 40.Nc6 gxf5 41.gxf5 a5 42.h5 
Bg5 43.Bg3 fxe6 44.fxe6 Bf6 45.Be1 Nd5 46.Ke4 Nc7 
47.Kf5 Nd5 48.Bd2 Bh4 49.Ne5 1-0

[Event "HCL-E024"]
[Site "www.playchess.de"]
[Date "2001.03.27"]
[Round "16"]
[White "Goofy"]
[Black "MarkusSSG"]
[WhiteElo "2203"]
[BlackElo "2347"]
[PlyCount "40"]
[Result "0-1"]

1.d4 d5 2.c4 c6 3.Nc3 e6 4.Nf3 f5 5.g3 Nf6 6.Bg2 
Bd6 7.O-O O-O 8.Bf4 Bxf4 9.gxf4 Bd7 10.Ne5 Be8 
11.Qd3 Nbd7 12.cxd5 Nxd5 13.e3 Nxe5 14.dxe5 Qh4 
15.Ne2 Rd8 16.Qb3 Bh5 17.Nd4 Nxf4 18.Qxb7 Nxg2 
19.Kxg2 Rxd4 20.exd4 Qg5+ 0-1

[Event "HCL-E024"]
[Site "www.playchess.de"]
[Date "2001.03.27"]
[Round "18"]
[White "Goofy"]
[Black "peze2"]
[WhiteElo "2203"]
[BlackElo "2294"]
[PlyCount "57"]
[Result "1-0"]

1.d4 d5 2.Nf3 Nf6 3.c4 e6 4.Nc3 c6 5.Bg5 h6 6.Bxf6 
Qxf6 7.e3 Nd7 8.Bd3 dxc4 {Gute Nacht Erik!}  
9.Bxc4 {Gute Nacht Peter!}  g6 10.O-O Bg7 11.e4 
O-O 12.e5 Qe7 13.Bb3 c5 14.Re1 cxd4 15.Qxd4 Rd8 
16.Rad1 b5 17.Qd6 Qxd6 18.exd6 a6 19.Nd2 Bb7 
20.Nde4 Bxe4 21.Rxe4 Nc5 22.Re2 Ra7 23.Bc2 Bxc3 
24.bxc3 Rad7 25.Re5 Nb7 26.a4 R7xd6 27.Rxd6 Nxd6 
28.g3 Rc8 29.axb5 1-0

[Event "ACL-A085"]
[Site "www.playchess.de"]
[Date "2001.03.27"]
[Round "6"]
[White "Martinio"]
[Black "vrad"]
[WhiteElo "1500"]
[BlackElo "1601"]
[PlyCount "77"]
[Result "1-0"]

1.d4 d5 2.c4 dxc4 3.Nf3 Nf6 4.e3 e6 5.Bxc4 c5 
6.O-O Nc6 7.Bb5 Bd7 8.Nc3 cxd4 9.exd4 Bd6 10.Bg5 
O-O 11.Ne4 Be7 12.Bxf6 Bxf6 13.Nc5 Bc8 14.Bxc6 
bxc6 15.Rc1 Qd5 16.b3 Rd8 17.Qc2 Bxd4 18.Nxd4 Qxd4 
19.Rfd1 Qh4 20.Qe4 Rxd1+ 21.Rxd1 Qe7 22.Qxc6 Rb8 
23.f3 h6 24.Qd6 Qxd6 25.Rxd6 Kf8 26.Rd7 Ra8 27.Rc7 
Ke8 28.b4 e5 29.a4 Bf5 30.g4 Bc2 31.Kf2 a6 32.a5 
g6 33.Rc6 Ke7 34.Ke3 f5 35.gxf5 Bxf5 36.Nxa6 Kd7 
37.b5 h5 38.Nc5+ Ke8 39.b6 1-0

[Event "HCL-B190"]
[Site "www.playchess.de"]
[Date "2001.03.27"]
[Round "1"]
[White "samar"]
[Black "reboot"]
[WhiteElo "1483"]
[BlackElo "1200"]
[PlyCount "57"]
[Result "1-0"]

1.Nc3 d5 2.e4 d4 3.Nce2 e5 4.Ng3 Nf6 5.Nf3 Bg4 
6.Bc4 Nc6 7.d3 Bc5 8.h3 Bxf3 9.Qxf3 h6 10.a3 Qd7 
11.O-O O-O-O 12.Qf5 a6 13.Bxf7 Qxf5 14.Nxf5 Rhf8 
15.Ba2 h5 16.Nxg7 Rd7 17.Be6 Kb8 18.Bxd7 Na5 
19.Bf5 Rg8 20.Ne6 b5 21.Nxc5 Ka7 22.Bd2 Nc6 23.c3 
dxc3 24.bxc3 Kb6 25.Be3 Ka5 26.Nb7+ Ka4 27.Rfb1 
Rg7 28.Be6 Na5 29.Rb4+ {Good game, thank you} 
 1-0

[Event "ACL-E003"]
[Site "www.playchess.de"]
[Date "2001.03.27"]
[Round "10"]
[White "player27"]
[Black "iq160"]
[WhiteElo "1695"]
[BlackElo "1660"]
[PlyCount "57"]
[Result "1-0"]

1.Nf3 {*handshake* auf ein Spannendes}  c5 {I'm 
gonna have a break for a couple of days, so long.} 
 2.g3 {oh, I thought, you speak german- its OK, 
now you have one and a half week}  d6 {ich bin 
Deutscher aber im web tippe ich meistens in 
englisch damits (fast) jeder versteht}  3.Bg2 {mit 
dem Verstehen geht es noch,aber mit dem Verstanden 
werden *g* pooor!}  Nf6 4.c4 g6 5.Nc3 Nc6 6.O-O 
Bg7 7.d4 O-O 8.d5 Na5 9.Nd2 a6 10.Qc2 e6 11.dxe6 
Bxe6 12.b3 Rb8 13.Bb2 b5 14.cxb5 axb5 15.Nce4 Bf5 
16.Nxf6+ Bxf6 17.Ne4 Bxb2 18.Qxb2 Bxe4 19.Bxe4 d5 
20.Rfd1 {eine bekannte Variante, kann aber keine 
Verbesserung für weiss finden}  d4 21.Rac1 Re8 
22.Bf3 Qb6 23.b4 Nc4 {ich verstehe nicht warum der 
gute Fritz glaubt dass weiss besser steht}  24.Qb3 
{aber nur ein geringer Vorteil, muss noch nichts 
bedeuten}  cxb4 {ich sehe keinen weg zu gewinnen, 
weder für weiss noch für schwarz}  25.Qxb4 {das 
ist richtig- der geringe Vorteil für W. wahrsch. 
wegen Auflösung der s. Bauernkette am D"flügel}  
Qf6 {ja denke ich auch. Die bauernkette ist 
schwach.}  26.a4 {d. h. offene Linien-bewertet ein 
Comp immer positiv-aber d4 ist stabil}  d3 27.Rxd3 
{.}  Ne5 28.Rd6 {der Comp wertet den e2- Bobble 
natürlich mit +, der ist aber nach Tausch auf f3 
völlig nutzlos}  Qg5 {der weisse a-bauer macht 
mehr ärger, wenn ich den nicht loswerde kann ich 
gleich aufgeben}  29.Rb1 {ich denke, das wird dir 
auch gelingen : ( Dg5 hätte ich genauer 
analysieren sollen}  1-0

[Event "ACL-A087"]
[Site "www.playchess.de"]
[Date "2001.03.27"]
[Round "4"]
[White "Joachim"]
[Black "dgrudny"]
[WhiteElo "1500"]
[BlackElo "1500"]
[PlyCount "43"]
[Result "1-0"]

1.e4 c5 2.Nf3 d6 3.d4 cxd4 4.Nxd4 Nf6 5.Nc3 a6 
6.Bg5 e6 7.f4 Qb6 8.Nb3 Nbd7 9.Qf3 Be7 10.O-O-O 
O-O 11.g4 h6 12.h4 Re8 13.Bxh6 gxh6 14.g5 {sorry 
I've done an arror: I want to do 13. Bxf6 (instead 
Bxh6??)}  hxg5 15.hxg5 Nh7 16.Qh5 Ndf8 17.Bd3 Qe3+ 
18.Kb1 Bd8 19.e5 dxe5 20.Bxh7+ Nxh7 21.Qxh7+ Kf8 
22.Qh8+ 1-0

[Event "HCL-A085"]
[Site "www.playchess.de"]
[Date "2001.03.27"]
[Round "5"]
[White "Lydeking"]
[Black "lottalove"]
[WhiteElo "1530"]
[BlackElo "1700"]
[PlyCount "56"]
[Result "0-1"]

1.e4 c5 2.Nf3 Nc6 3.d4 cxd4 4.Nxd4 Nf6 5.Nc3 e5 
6.Ndb5 a6 7.Nd6+ Bxd6 8.Qxd6 Qe7 9.Qd1 h6 10.Be3 
Qb4 11.Qd3 Qxb2 12.Rb1 Qa3 13.Rb3 Qe7 14.Be2 d6 
15.O-O O-O 16.f4 b5 17.Rbb1 b4 18.Nd5 Nxd5 19.exd5 
Nd4 20.Bxd4 exd4 21.Rxb4 Re8 22.Bf3 Qe3+ 23.Qxe3 
dxe3 24.Re1 Bf5 25.c4 Rac8 26.g3 Bd3 27.Rb3 Bxc4 
28.Rbxe3 Rxe3 0-1

[Event "HCL-C188"]
[Site "www.playchess.de"]
[Date "2001.03.27"]
[Round "15"]
[White "ionutz"]
[Black "craigsadler"]
[WhiteElo "1000"]
[BlackElo "549"]
[PlyCount "59"]
[Result "1-0"]

1.e4 {Hi!}  c6 2.d4 d5 3.exd5 cxd5 4.c4 Nf6 5.Nc3 
e6 6.Bg5 Be7 7.Nf3 O-O 8.Bd3 dxc4 9.Bxc4 h6 10.Be3 
Bb4 11.O-O Nc6 12.a3 Bd6 13.Qc2 Qc7 14.d5 Ne7 
15.Nb5 Qd7 16.dxe6 fxe6 17.Rad1 b6 18.Nxd6 Qc6 
19.Qb3 Ng4 20.Bxe6+ Bxe6 21.Qxe6+ Kh8 22.Qxg4 Rad8 
23.Ne5 Qc2 24.Nef7+ Kg8 25.Nxh6+ Kh7 26.Qh5 Qg6 
27.Qxg6+ Nxg6 28.Nhf7 Rfg8 29.Ng5+ Kh8 
30.Ndf7+ 1-0

[Event "HCL-B195"]
[Site "www.playchess.de"]
[Date "2001.03.27"]
[Round "6"]
[White "Terry_Bohannon"]
[Black "Ludger"]
[WhiteElo "1500"]
[BlackElo "1329"]
[PlyCount "54"]
[Result "0-1"]

1.e4 e5 2.Nf3 d6 3.Nc3 Bg4 4.Be2 {Hello}  Nc6 {Hi} 
 5.O-O Nf6 6.b3 Be7 7.Bb2 Qd7 8.Re1 O-O-O 9.Ng5 
Rdf8 10.Bxg4 Nxg4 11.Nf3 f5 12.Nd5 Bd8 13.exf5 
Qxf5 14.h3 h5 15.Ne3 Qh7 16.Qe2 Nxe3 17.Qxe3 Qxc2 
18.Bc3 {Sorry, I went on vacation and forgot about 
the game.}  Qf5 {no problem, hope you had a nice 
time.}  19.d4 exd4 20.Nxd4 Nxd4 21.Bxd4 Rf7 22.Re2 
Rhf8 23.Rf1 g5 24.f3 {forcing me to weaken my pawn 
structure ;)}  g4 {well, nevertheless I will try 
g4?!}  25.fxg4 Qxf1+ 26.Kh2 Qf4+ 27.Qxf4 
R7xf4 0-1

[Event "HCL-M013"]
[Site "www.playchess.de"]
[Date "2001.03.27"]
[Round "13"]
[White "bonin"]
[Black "Zsozso"]
[WhiteElo "2200"]
[BlackElo "2200"]
[PlyCount "30"]
[Result "0-1"]

1.d4 {Hello!}  f5 {Hello.}  2.Bg5 h6 3.Bh4 g5 
4.Bg3 Nf6 5.e3 Bg7 6.h4 g4 7.h5 Ne4 8.Bh4 d5 9.Bd3 
c5 10.c4 cxd4 11.Bxe4 dxe4 12.exd4 Qxd4 13.Qa4+ 
Nc6 14.Nc3 Be6 15.Nf3 gxf3 0-1

[Event "HCL-B198"]
[Site "www.playchess.de"]
[Date "2001.03.27"]
[Round "4"]
[White "damage_kase"]
[Black "Mother_Teresa"]
[WhiteElo "1350"]
[BlackElo "1193"]
[PlyCount "85"]
[Result "1/2-1/2"]

1.d4 d5 2.e3 Nf6 3.Bd3 Bg4 4.Nf3 e6 5.Nbd2 Bd6 
6.O-O O-O 7.c3 c6 8.Qc2 h6 9.Re1 a6 10.e4 dxe4 
11.Bxe4 Nxe4 12.Qxe4 Bf5 13.Qh4 Be7 14.Qf4 Nd7 
15.Nc4 Nb6 16.Nxb6 Qxb6 17.Ne5 Rad8 18.b3 Bd6 
19.Nc4 Bxf4 20.Nxb6 Bc7 21.Nc4 b5 22.Ne5 Bxe5 
23.Rxe5 Rd5 24.Bf4 f6 25.Rxd5 cxd5 26.Bd6 Rd8 
27.Bc5 g5 28.h3 Kf7 29.a4 Bd3 30.f3 Bc2 31.axb5 
axb5 32.b4 Kg6 33.g4 h5 34.Kf2 Ba4 35.Re1 Re8 
36.Ke2 e5 37.Kd2 Bb3 38.dxe5 Rxe5 39.Rxe5 fxe5 
40.Ke3 Bc4 41.Bd6 h4 42.Kf2 Kf6 
43.Bc5 1/2-1/2

[Event "HCL-E031"]
[Site "www.playchess.de"]
[Date "2001.03.27"]
[Round "19"]
[White "Sith"]
[Black "Fast_Eagle"]
[WhiteElo "2000"]
[BlackElo "2000"]
[PlyCount "51"]
[Result "1-0"]

1.d4 d5 2.c4 e6 3.Nc3 Nf6 4.Bg5 c6 5.Nf3 dxc4 6.e4 
b5 7.e5 h6 8.Bh4 g5 9.exf6 gxh4 10.Ne5 Qxf6 11.a4 
Bb4 12.Be2 Bb7 13.Bf3 Qe7 14.O-O Bxc3 15.bxc3 O-O 
16.Qc1 Kg7 17.Qf4 a6 18.Rfb1 f5 19.axb5 axb5 
20.Rxa8 Bxa8 21.Ra1 Bb7 22.Ra7 Rc8 23.Bh5 Rc7 
24.Nf7 Kf8 25.Qxh6+ Ke8 26.Ne5+ 1-0

[Event "HCL-C200"]
[Site "www.playchess.de"]
[Date "2001.03.27"]
[Round "2"]
[White "rrr3"]
[Black "lienk"]
[WhiteElo "1000"]
[BlackElo "1083"]
[PlyCount "75"]
[Result "1-0"]

1.e4 e5 2.Nf3 Nc6 3.Bb5 a6 4.Ba4 b5 5.Bb3 h6 6.c3 
Nf6 7.d3 Bc5 8.Nxe5 Nxe5 9.d4 Bxd4 10.cxd4 Nc4 
11.Qe2 d5 12.exd5+ Qe7 13.Qxe7+ Kxe7 14.O-O Nxd5 
15.Re1+ Be6 16.Bc2 Rhe8 17.b3 Nd6 18.Nd2 Kf8 
19.Nf3 Bg4 20.Bd2 Bxf3 21.gxf3 Rac8 22.Bd3 f6 
23.Rec1 Kf7 24.a4 c6 25.Kf1 f5 26.axb5 Nxb5 
27.Bxf5 Rc7 28.Rxa6 Ne7 29.Be4 Nxd4 30.Rc3 Rb8 
31.Rd3 Nxb3 32.Be3 Rb5 33.Rd8 Nc5 34.Bxc5 Rxc5 
35.Raa8 Rc2 36.Bxc2 c5 37.Be4 Nc8 
38.Rdxc8 1-0

[Event "ACL-A107"]
[Site "www.playchess.de"]
[Date "2001.03.27"]
[Round "6"]
[White "DC"]
[Black "BELAJ_BOY"]
[WhiteElo "1500"]
[BlackElo "1500"]
[PlyCount "48"]
[Result "0-1"]

1.Nf3 Nf6 {hi...good luck!}  2.Nc3 Nc6 3.d4 d5 
4.e3 Bg4 5.Bb5 e6 6.h3 Bh5 7.g4 Bg6 8.g5 Nd7 9.O-O 
Be7 10.Bxc6 bxc6 11.h4 f6 12.Qe2 Bh5 13.Kg2 O-O 
14.Qa6 Nb6 15.gxf6 Bxf6 16.Ng5 Bxg5 17.e4 Bxc1 
18.Raxc1 Qxh4 19.Qd3 Bf3+ 20.Qxf3 Rxf3 21.Kxf3 Nc4 
22.Rfh1 Rf8+ 23.Ke2 Qxf2+ 24.Kd1 Qd2+ {nice 
game...Thank You}  0-1

[Event "HCL-C204"]
[Site "www.playchess.de"]
[Date "2001.03.27"]
[Round "1"]
[White "ZenPuppie"]
[Black "craigsadler"]
[WhiteElo "1000"]
[BlackElo "699"]
[PlyCount "61"]
[Result "1-0"]

1.e4 c6 2.d4 d5 3.e5 Bf5 4.Nf3 e6 5.Nc3 Bb4 6.Bd3 
Bxc3+ 7.bxc3 Bxd3 8.cxd3 Nd7 9.Ba3 Ne7 10.O-O O-O 
11.c4 Re8 12.Bb4 Nf5 13.Re1 Qb6 14.Rb1 c5 15.Bxc5 
Qa5 16.g4 Nh6 17.h3 Nxc5 18.dxc5 Qxc5 19.Qc2 Rac8 
20.Rb5 Qc7 21.Ng5 dxc4 22.d4 f6 23.Rc5 Qb6 24.Rxc8 
Rxc8 25.Qxh7+ Kf8 26.exf6 Rc7 27.Qh8+ Ng8 28.Nxe6+ 
Kf7 29.Qxg7+ Ke8 30.Nxc7+ Kd8 31.Re8+ {Sumtimz ya 
get the bear, sumtimz the bear gets you, 'n 
sumtimz ya don't even get in the woods. GG!} 
 1-0